000 00622nam a2200229Ia 4500
003 OSt
005 20220918195023.0
006 a|||||r|||| 00| 0
007 ta
008 220917b |||||||| |||| 00| 0 eng d
024 _a83,006
037 _cTextual
040 _aARTS
_cARTS
_beng
041 _2eng
_aeng
082 _aS1:86(MY), H7
100 _aAxline Virginia Mae
_988510
245 0 _aPlay therapy
_b the inner dynamics of childhood, ed by Leonard Carmichael
260 _c1947
650 _aPSYCHOLOGY
942 _hS1:86(MY), H7
_cTEXL
_2CC
999 _c206721
_d206721